Monografía del departamento de La Libertad / (Record no. 64476)

MARC details
000 -LEADER
campo de control de longitud fija 00848nam a2200241 i 4500
001 - NÚMERO DE CONTROL
campo de control 64476
003 - IDENTIFICADOR DE NÚMERO DE CONTROL
campo de control ES-MaACL
005 - FECHA Y HORA DE LA ÚLTIMA TRANSACCIÓN
campo de control 20230906165134.0
007 - CAMPO FIJO DE DESCRIPCIÓN FÍSICA--INFORMACIÓN GENERAL
campo de control de longitud fija t|
008 - DATOS DE LONGITUD FIJA--INFORMACIÓN GENERAL
campo de control de longitud fija 031224s1913 es ||||1| spa d
100 1# - ENTRADA PRINCIPAL--NOMBRE DE PERSONA
Nombre de persona Fonseca, Pedro S.
9 (RLIN) 51526
245 10 - MENCIÓN DEL TÍTULO
Título Monografía del departamento de La Libertad /
Mención de responsabilidad, etc. por Pedro S. Fonseca.
260 ## - PUBLICACIÓN, DISTRIBUCIÓN, ETC.
Lugar de publicación, distribución, etc. San Salvador :
Nombre del editor, distribuidor, etc. [s.n.],
Fecha de publicación, distribución, etc. 1913 (
Fabricante Imp. Nacional)
300 ## - DESCRIPCIÓN FÍSICA
Extensión 52 p., [1] h. pleg. de map. ;
Dimensiones 24 cm.
490 1# - MENCIÓN DE SERIE
Mención de serie Monografías departamentales ;
Designación de volumen o secuencia 12
500 ## - NOTA GENERAL
Nota general En port.: nºXII.
594 ## - Nota al título y mención de responsabilidad
Nota al título y mención de responsabilidad Precede al tít.: Dirección General de Estadística.
651 #4 - PUNTO DE ACCESO ADICIONAL DE MATERIA--NOMBRE GEOGRÁFICO
Nombre geográfico El Salvador-
Subdivisión general Descripción.
9 (RLIN) 144849
710 0# - ENTRADA AGREGADA--NOMBRE DE ENTIDAD CORPORATIVA
Nombre de entidad corporativa o nombre de jurisdicción como elemento de entrada El Salvador.
Unidad subordinada Dirección General de Estadística.
9 (RLIN) 3461
830 0# - PUNTO DE ACCESO ADICIONAL DE SERIE-TÍTULO UNIFORME
Título uniforme Monografías departamentales ;
Designación de volumen o secuencia 12
9 (RLIN) 230717
852 ## - LOCALIZACIÓN
Ubicación ES-MaACL
Número de control de estantería T-1436-F-1
Holdings
Estatus retirado Estado de pérdida Estado de daño No para préstamo Colección Biblioteca de origen Biblioteca actual Ubicación en estantería Fecha de adquisición Fuente de adquisición Total de préstamos Signatura topográfica completa Código de barras Visto por última vez Precio de reemplazo Tipo de ítem Koha
        Colección de folletos Biblioteca del Ateneo de Madrid Biblioteca del Ateneo de Madrid Depósito folletos 17/01/2008     T-1436-F-1 1067564 23/02/2023 23/02/2023 Folleto